Online
Catalog

Growth and welfare in the American past : (Record no. 1383)

MARC details
000 -CABECERA
campo de control de longitud fija 00615cam a2200169 a 4500
001 - NÚMERO DE CONTROL
campo de control 000001475
005 - FECHA Y HORA DE LA ÚLTIMA TRANSACCIÓN
campo de control 20200929145605.0
008 - DATOS DE LONGITUD FIJA--INFORMACIÓN GENERAL
campo de control de longitud fija 711020s1966 njua b 001 0 eng
040 ## - FUENTE DE LA CATALOGACIÓN
Centro catalogador/agencia de origen DO-SdBNP
Lengua de catalogación spa
082 ## - NÚMERO DE LA CLASIFICACIÓN DECIMAL DEWEY
Número de clasificación 330.973
Número de documento/Ítem N864g
100 1# - ENTRADA PRINCIPAL--NOMBRE DE PERSONA
Nombre de persona North, Douglass Cecil.
Forma completa/desarrollada del nombre (Douglass Cecil North),
Fechas asociadas al nombre 1920-
9 (RLIN) 4875
245 10 - MENCIÓN DE TÍTULO
Título Growth and welfare in the American past :
Resto del título a new economic history /
Mención de responsabilidad, etc. Douglass C. North.
260 ## - PUBLICACIÓN, DISTRIBUCIÓN, ETC.
Lugar de publicación, distribución, etc. Englewood Cliffs, New Jersey :
Nombre del editor, distribuidor, etc. Prentice-Hall,
Fecha de publicación, distribución, etc. 1966.
300 ## - DESCRIPCIÓN FÍSICA
Extensión xiv, 199 p. :
Otras características físicas il. ;
Dimensiones 21 cm.
504 ## - NOTA DE BIBLIOGRAFÍA, ETC.
Nota de bibliografía, etc. Bibliografía: p. 193-198.
651 #0 - PUNTO DE ACCESO ADICIONAL DE MATERIA--NOMBRE GEOGRÁFICO
Nombre geográfico United States
Subdivisión general Economic Conditions.
9 (RLIN) 4876
Holdings
Estado de retiro Estado de pérdida Restricciones de uso No para préstamo Código de colección Localización permanente Ubicación/localización actual Ubicación en estantería Fecha de adquisición Número de inventario Total de préstamos Signatura topográfica completa Código de barras Fecha visto por última vez Precio válido a partir de Tipo de ítem Koha
    Préstamo interno   Monografías: Libros y Folletos General General En catalogación 14.09.2009 LF1   330.973 N864g 1475-10 25.06.2020 25.06.2020 Préstamo interno

Powered by Koha